La epopeya de Arauco

Furkejuvvon:
Bibliográfalaš dieđut
Váldodahkki: Di Domenico, Rafael (Dahkki)
Materiálatiipa: Girji
Giella:espánnjágiella
Almmustuhtton: Santiago Ejército de Chile 1940
Preanttus:3a. ed
Fáttát:
Fáddágilkorat: Lasit fáddágilkoriid
Eai fáddágilkorat, Lasit vuosttaš fáddágilkora!

MARC

LEADER 00000nam a2200000 a 4500
001 UCL5341
003 CL-VaPUC
008 040312e19400000CL |||||||||||||||||spa|d
082 0 4 |a Ch861  |b DID  |2 21 
100 0 |a Di Domenico, Rafael  |e author  |9 483061 
245 1 3 |a La epopeya de Arauco 
250 |a 3a. ed 
300 |a 125 p 
942 |c BK 
945 |d 20040312 00:00:00  |a rbrito 
260 |a Santiago  |b Ejército de Chile  |c 1940 
650 0 |a Poesías chilenas   |9 265280 
583 |a last modification  |c 20040312 00:00:00  |k Rodrigo Vera 
999 |c 307950  |d 307948 
952 |0 0  |1 0  |4 0  |6 CH_861_000000000000000_DID_1940  |7 0  |8 P  |9 374140  |a BIBTEO  |b BIBTES  |c TEO_FTES  |d 2019-11-21  |i 208855K  |o Ch861 DID 1940  |p 208855K  |r 2024-01-18  |w 2019-11-21  |y BK  |k ICR